Statistics for K-POP Groups

Click here to take the quiz!

General Stats

  • This quiz has been taken 39 times
  • The average score is 37 of 205

Answer Stats

Answer% Correct
BTS
91%
TWICE
91%
BLACKPINK
88%
EXO
88%
Red Velvet
78%
BIGBANG
75%
NCT
75%
Stray Kids
75%
ITZY
72%
Mamamoo
69%
SUPER JUNIOR
69%
2NE1
66%
(G)-IDLE
66%
ATEEZ
63%
GOT7
63%
SEVENTEEN
63%
SHINee
59%
TXT
59%
NCT 127
56%
Wonder Girls'
53%
2PM
50%
DAY6
50%
iKON
50%
NCT DREAM
50%
PENTAGON
50%
SNSD
50%
TREASURE
50%
WayV
50%
BToB
47%
K.A.R.D.
47%
LOONA
47%
2AM
44%
Apink
44%
CLC
44%
IZ*ONE
44%
MONSTA X
44%
Sistar
44%
Wanna One
44%
ASTRO
41%
f(x)
41%
GFriend
41%
Momoland
41%
SUPERM
41%
TVXQ
41%
WINNER
41%
AOA
38%
Miss A
38%
The Boyz
38%
DreamCatcher
34%
NCT U
34%
Block B
31%
EXID
31%
4Minute
28%
OH MY GIRL
28%
VIXX
28%
After School
25%
H.O.T.
25%
NU'EST
25%
ONEUS
25%
SF9
25%
CRAVITY
22%
EVERGLOW
22%
Infinite
22%
P1Harmony
22%
T-ara
22%
B.A.P.
19%
Brown Eyed Girls
19%
CIX
19%
CNBLUE
19%
FT Island
19%
Girls' Day
19%
ONEWE
19%
Secret
19%
APRIL
16%
BoA
16%
Lovelyz
16%
Shinhwa
16%
VICTON
16%
EXO-CBX
13%
Golden Child
13%
N.Flying
13%
Pristin
13%
Secret Number
13%
U-KISS
13%
VAV
13%
WEi
13%
3RACHA
9%
ACE
9%
Beast
9%
Cosmic Girls
9%
E'LAST
9%
EXO-K
9%
Highlight
9%
MBLAQ
9%
MCND
9%
SS501
9%
TEEN TOP
9%
X1
9%
1THE9
6%
24K
6%
AB6IX
6%
BAE173
6%
BOYFRIEND
6%
EXO-M
6%
EXO-SC
6%
GHOST9
6%
Hello Venus
6%
JBJ
6%
Super Junior K.R.Y
6%
Super Junior M
6%
TOO
6%
UNIQ
6%
UP10TION
6%
ZE:A
6%
1TYM
3%
BLK
3%
Crayon Pop
3%
Dal Shabet
3%
DIA
3%
DKB
3%
Epik High
3%
HOTSHOT
3%
JJ PROJECT
3%
Jus2
3%
KNK
3%
Laboum
3%
Ladies' Code
3%
MAGNUM
3%
Rainbow
3%
Super Junior D&E
3%
Super Junior H
3%
Super Junior T
3%
TST
3%
UNVS
3%
VERIVERY
3%
00z
0%
100%
0%
1TEAM
0%
5TION
0%
5URPRISE
0%
AA
0%
A.Cian
0%
A.FACT
0%
A-JAX
0%
A-Prince
0%
ARGON
0%
ATK
0%
B1A4
0%
BECZ
0%
Bigflo
0%
BIGSTAR
0%
BLACK6IX
0%
BLAST
0%
Boys Republic
0%
BSS
0%
BTL
0%
BToB 4U
0%
BTOB BLUE
0%
BXK
0%
CIRCLE
0%
Cross Gene
0%
Dalmatian
0%
Dance Racha
0%
Day6 Even of Day
0%
Dustin
0%
EXO Main Vocal Line
0%
Halo
0%
HBY
0%
Hey Men
0%
HipHop Team
0%
HONEYST
0%
IM66
0%
Infinite - F
0%
Infinite - H
0%
JBJ95
0%
LC9
0%
Longguo & Shihyun
0%
LUCENTE
0%
Madtown
0%
MAP6
0%
MAXIMUM
0%
MAXXAM
0%
MYNAME
0%
NCT Indonesia
0%
NCT X
0%
N.CUS
0%
New Kidd
0%
NOIR
0%
Performance Team
0%
RAINZ
0%
Seven O' Clock
0%
Sonamoo
0%
SPECTRUM
0%
SVT
0%
TEEN TEEN
0%
T.E.N
0%
UNB
0%
Vocal Racha
0%
Vocal Team
0%
XENO-T
0%
XRO
0%
YDPP
0%
Younique Unit
0%
Y & W
0%

Score Distribution

Percentile by Number Answered

Percent of People with Each Score

Your Score History

You have not taken this quiz